| 000 | 00706nam a2200229 i 4500 | ||
|---|---|---|---|
| 001 | 16271 | ||
| 003 | ES-MaACL | ||
| 005 | 20230906151258.0 | ||
| 007 | t| | ||
| 008 | 000823s1999 sp ||||1| spa d | ||
| 020 | _a84-239-7841-9 | ||
| 080 | _a821.134.2-82"19" | ||
| 100 | 1 |
_aCasariego Córdoba, Pedro. _936179 |
|
| 245 | 1 | 0 |
_aVerdades a medias / _cPedro Casariego Córdoba ; selección y edición de textos: Antón Casariego. |
| 260 |
_aMadrid : _bEspasa-Calpe, _c[1999] |
||
| 300 |
_a223 p. : _bil. ; _c23 cm. |
||
| 490 | 1 | _aEspasa selección | |
| 700 | 1 |
_aCasariego, Antón. _936174 |
|
| 830 | 0 |
_aEspasa selección _9228636 |
|
| 852 |
_aES-MaACL _jL-23472 _bR.128817 |
||
| 999 |
_c16271 _d16271 |
||